000 03601nam2a22003251 4500
001 RU\NLR\INFOCOMM4\1000616907
005 20250617004658.0
035 _a(NLR Aleph) 002323968
090 _a4414843
_c4414843
100 _a20041021d1953 |||y0rusy50 ca
101 0 _arus
102 _aRU
105 _ay |||||||||
200 1 _aЛенин в библиотечном деле
_fЗ. Лусс, Т. Серебрякова
210 _d1953
_aБ. м.
423 0 _12001#$aСостояние и задачи рекомендательной библиографии$fОлишев В.
_1700#1$aОлишев$bВ. Г.$f1905-1982$gВасилий Григорьевич$4070
_tСостояние и задачи рекомендательной библиографии
_aОлишев, Василий Григорьевич (1905-1982)
423 0 _12001#$aСостав и структура основного фонда Государственной библиотеки СССР имени В.И. Ленина$fКлевенский М., Смоллер В.
_1700#1$aКлевенский$bМ.
_1701#1$aСмоллер$bВ.
_tСостав и структура основного фонда Государственной библиотеки СССР имени В.И. Ленина
_aКлевенский, М.
423 0 _12001#$aВопросы с редкими и ценными изданиями в Государственной библиотеке СССР имени В.И. Ленина$fКозловский Б.
_1700#1$aКозловский$bБ.
_tВопросы с редкими и ценными изданиями в Государственной библиотеке СССР имени В.И. Ленина
_aКозловский, Б.
423 0 _12001#$aО сохранности библиотечных фондов$fПетрова Л., Ремизова П.
_1700#1$aПетрова$bЛ. Н.$cбиблиограф$f1931-2016$gЛидия Николаевна$3RU\NLR\AUTH\770212257$4070
_1701#1$aРемизова$bП.
_tО сохранности библиотечных фондов
_aПетрова, Лидия Николаевна (библиограф ; 1931-2016)
423 0 _12001#$aВопросы библиотечного строительства на съездах и совещаниях по народному просвещению в 1918-1920 годах$e(Материалы к истории библиотеч. дела в СССР)$fКарклина Н.
_1700#1$aКарклина$bН.
_tВопросы библиотечного строительства на съездах и совещаниях по народному просвещению в 1918-1920 годах
_aКарклина, Н.
461 0 _1001RU\NLR\INFOCOMM4\1000616906
_12001#$aСборник статей по вопросам библиотековедения и библиографии$fГос. ордена Ленина б-ка СССР им. В.И. Ленина. Науч.-метод. кабинет библиотековедения$vВып.1
_94414834
_cМ.
_d1953
_fГос. ордена Ленина б-ка СССР им. В.И. Ленина. Науч.-метод. кабинет библиотековедения
_tСборник статей по вопросам библиотековедения и библиографии
_vВып.1
700 1 _aЛусс
_bЗ.
_4070
701 1 _aСеребрякова
_bТ.
_4070
801 1 _aRU
_bInfoComm
_c20041021
801 0 _aRU
_bNLR
_gPSBO
852 _aNLR
_bБ
_j6035/С232
942 _cISSUE
980 _aNB
980 _aRUSPER